00700nam a22001817a 4500003000400000020002200004082001700026100002600043245003800069250000800107260003500115300001700150650001500167942001200182952015800194952014900352999001700501SGT a978-0-19-870847-6 a617.96bO17H aHARDMAN, JONATHAN G.  aOXFORD TB. OF ANESTHESIA VOL. 1&2 a1ST aU.K.bOXFORD UNIVERSITY c2017 a1- 807, 1569 aANESTHESIA 2ddccBK 00102ddc40718MEDICALaFMbFMcREFd2019-08-02eABC DELHI g19995.00hVOL-1iSGTUl0o617.96 O17HpFM11583r2019-08-02 00:00:00w2019-07-03yBKk11141 00102ddc40718MEDICALaFMbFMcREFd2019-08-02eABC DELHI hVOL. 2iSGTUl0o617.96 O17HpFM11584r2019-08-02 00:00:00w2019-07-03yBKk11141 c18700d18700